000
00343nam a2200145Ia 4500
008
240624s9999 xx 000 0 und d
041
_a
eng
082
_a
658 STO
100
_a
STONER JAMES A F
245
_a
MANAGEMENT
250
_a
(6th ed.)
260
_c
2004
_a
New Delhi
_b
Prentice-Hall
300
_a
xxv, : 630 : p. : cm. ; 28
365
_c
RS
999
_c
260
_d
260